[Event "Emilia Romagna tt op"]
[Site "Piacenza"]
[Date "2022.09.24"]
[Round "3"]
[White "Losi, Paolo"]
[Black "Plucani, Germano"]
[Result "1-0"]
[WhiteElo "1593"]
[BlackElo "1333"]
[PlyCount "77"]
[EventDate "2022.09.23"]
[EventType "team-swiss"]
[EventRounds "5"]
[EventCountry "ITA"]
[SourceTitle "EXT 2023"]
[Source "ChessBase"]
[SourceDate "2022.10.05"]
[SourceVersion "1"]
[SourceVersionDate "2022.10.05"]
[SourceQuality "1"]
[WhiteTeam "Piacenza Vecchie Glorie"]
[BlackTeam "Piacenza Cavalli"]
[WhiteTeamCountry "ITA"]
[BlackTeamCountry "ITA"]

1. d4 Nf6 2. Bf4 g6 3. Nf3 Bg7 4. e3 d6 5. c3 Nbd7 6. Qc2 c5 7. Bd3 0-0 8. Nbd2 a6 9. h4 h5 10. Ng5 Nb6 11. dxc5 dxc5 12. c4 Qe8 13. Be5 Qc6 14. f3 Nbd7 15. Bc3 b5 16. b3 b4 17. Bb2 a5 18. a3 Bb7 19. a4 Rad8 20. 0-0-0 Qd6 21. Nde4 Nxe4 22. Bxe4 Bxb2+ 23. Qxb2 Qb6 24. Bxb7 Qxb7 25. Rd2 Nf6 26. Rhd1 Rxd2 27. Qxd2 Rc8 28. e4 Qc7 29. f4 Qc6 30. e5 Ne4 31. Qd5 Qxd5 32. Rxd5 Nxg5 33. hxg5 Rc6 34. Kd2 Kf8 35. Ke3 Ke8 36. Ke4 e6 37. Rd6 Rc7 38. Ra6 Rd7 39. Rxa5 1-0

[Event "Vescovato Gerolamo op-B 13th"]
[Site "Vescovato"]
[Date "2014.04.26"]
[Round "3"]
[White "Plucani, Germano"]
[Black "Raimondi, Celso"]
[Result "1/2-1/2"]
[WhiteElo "1410"]
[BlackElo "1667"]
[PlyCount "109"]
[EventDate "2014.04.25"]
[EventType "swiss"]
[EventRounds "6"]
[EventCountry "ITA"]
[SourceTitle "EXT 2024"]
[Source "ChessBase"]
[SourceDate "2023.10.10"]
[SourceVersion "1"]
[SourceVersionDate "2023.10.10"]
[SourceQuality "1"]

1. d4 Nf6 2. Nf3 d5 3. e3 c6 4. Nbd2 e6 5. c3 Bd6 6. Bd3 Nbd7 7. e4 dxe4 8. Nxe4 Nxe4 9. Bxe4 Nf6 10. Bd3 h6 11. 0-0 0-0 12. Re1 c5 13. dxc5 Bxc5 14. Be3 Qb6 15. Bxc5 Qxc5 16. Qc2 Bd7 17. Rad1 Bc6 18. Ne5 Rac8 19. Nxc6 Qxc6 20. Be4 Nxe4 21. Qxe4 Qb5 22. Qe2 Qc4 23. Qxc4 Rxc4 24. Rd7 Ra4 25. Rxb7 Rxa2 26. Rd1 a5 27. h3 a4 28. Rdd7 a3 29. bxa3 Rxa3 30. c4 Ra1+ 31. Kh2 Raa8 32. c5 Rac8 33. Rbc7 Rxc7 34. Rxc7 Rd8 35. c6 Kf8 36. Rb7 Rc8 37. c7 Ke7 38. Kg3 Kd7 39. Rb4 Rxc7 40. Rd4+ Ke7 41. f4 Kf6 42. Kg4 g6 43. Rd3 h5+ 44. Kf3 Rc1 45. g3 Kf5 46. g4+ hxg4+ 47. hxg4+ Kf6 48. Ke4 Rc4+ 49. Rd4 Rxd4+ 50. Kxd4 g5 51. Ke4 gxf4 52. Kxf4 e5+ 53. Ke4 Kg5 54. Kxe5 Kxg4 55. Kf6 1/2-1/2

[Event "Codogno op-B 4th"]
[Site "Codogno"]
[Date "2012.09.23"]
[Round "4"]
[White "Botta, Massimiliano"]
[Black "Plucani, Germano"]
[Result "1-0"]
[WhiteElo "1476"]
[BlackElo "1422"]
[PlyCount "127"]
[EventDate "2012.09.21"]
[EventType "swiss"]
[EventRounds "5"]
[EventCountry "ITA"]
[SourceTitle "EXT 2016"]
[Source "ChessBase"]
[SourceDate "2015.10.08"]
[SourceVersion "1"]
[SourceVersionDate "2015.10.08"]
[SourceQuality "1"]

1. e4 b6 2. d4 Bb7 3. Nc3 e6 4. Bf4 g6 5. Nf3 Bg7 6. Qd2 d6 7. 0-0-0 Nd7 8. Bc4 a6 9. a3 Qe7 10. Rhe1 0-0-0 11. e5 d5 12. Bb3 Qf8 13. Ne2 h6 14. h3 Ne7 15. Qd3 Kb8 16. g3 Nc6 17. Nd2 g5 18. Be3 Ne7 19. c4 Nf5 20. Nc3 Nxe3 21. Qxe3 dxc4 22. Bxc4 Rc8 23. Qe2 Ka7 24. Nb3 c5 25. f4 Qe7 26. Ne4 cxd4 27. Rxd4 b5 28. Nd6 Rc7 29. Qe3 Nb6 30. Na5 bxc4 31. Naxb7 Rxb7 32. Nxb7 Qxb7 33. Red1 Rc8 34. a4 a5 35. R1d2 Bf8 36. Rd7 Rc7 37. Rxc7 Qxc7 38. Rc2 Bb4 39. b3 c3 40. Kb1 Ka6 41. Qd3+ Kb7 42. fxg5 hxg5 43. h4 gxh4 44. gxh4 Qxe5 45. Qf3+ Qd5 46. Qxf7+ Qd7 47. Qxd7+ Nxd7 48. Rh2 e5 49. h5 Nf6 50. h6 Nh7 51. Re2 Bd6 52. Kc2 Kc6 53. Kxc3 Bb4+ 54. Kc4 Kd6 55. Rg2 Ke6 56. Rg7 Nf6 57. h7 Nxh7 58. Rxh7 Kf5 59. Rh4 Kg5 60. Re4 Kf5 61. Kd5 Bd6 62. Re2 Bc7 63. Rf2+ Kg4 64. Rc2 1-0